MDQL
is popping MORE tags! Check the
thread
!
Quizzes
Events
Quiz Creation
Community
Videos
Private Events
Remove Ads
Sign In
Join for FREE
Feedback
Dark Mode
Quiz Categories
Sports
Geography
Music
Movies
Television
Just For Fun
Miscellaneous
History
Literature
Language
Science
Gaming
Entertainment
Religion
Holiday
For Kids
Quiz Lab
Recent
Popular Today
Quiz Kudos Today
Editor Picks
Curator Picks
Quizzes by...
Day
Popularity
Type
Ratings
Length
Year
Community
Subscriptions
Recent Discussions
Orange Saloon
Badges
Playlists
Quests
Create
Leaderboards
Showdown
Live 5
Trivia Bingo
Activity
Puzzle Library
Sporcle Events
Private Events
Virtual Trivia
Globe League
Become a Host
Pub Owners
SporcleCon
Opinionation
Our Games
Videos
Blog
Mobile Apps
Partnerships
Remove Ads and Go Orange
Feedback
Gaming
Video Games
Board Games
Card Games
Pokémon
Mario
Nintendo
Minecraft
Console
Toys
Legend of Zelda
Gaming
Video Games
Board Games
Card Games
Pokémon
Mario
Nintendo
Minecraft
Console
Toys
Legend of Zelda
Random Quiz
Search Sporcle
×
Quiz Lab
Quiz Lab
Gaming
Numbers
Type in answers that appear in a list
Type in answers that appear in a list
Classic
Best Score? Go Orange.
Megaman powers (Powered Up and 2-10) Stats
Can you name the Megaman powers (Megaman Powered Up and Megaman 2-10)?
By
pikminlover72
10m
80 Questions
563 Plays
563 Plays
563 Plays
Comments
Comments
Give Quiz Kudos
Give Quiz Kudos
-
- Ratings
hide this ad
Replay
Link that replays current quiz
Next Quiz
Link to next quiz in quiz playlist
You Got
0%
They Got
Avg Score
55%
Avg Friend Score
Upgrade to see
Score Distribution
Jump to the score distribution portion of the page
Score
0/80
Timer
10:00
0
Plays Today
Robot Master
Power
% Correct
Metal Man
Metal Blade
83.3%
Wood Man
Leaf shield
79.2%
Crash Man
Crash Bomber
79%
Cut Man
Rolling Cutter
77.3%
Bomb Man
Hyper Bomb
76.7%
Quick Man
Quick Boomerang
76.7%
Guts Man
Super Arm
75.8%
Gemini Man
Gemini Laser
74.8%
Top Man
Top Spin
74.6%
Bubble Man
Bubble Lead
71.9%
Skull Man
Skull Barrier
71.6%
Shadow Man
Shadow Blade
71.4%
Hard Man
Hard Knuckle
69.6%
Pharaoh Man
Pharaoh Shot
69.4%
Flash Man
Time Stopper
68.9%
Needle Man
Needle Cannon
68.4%
Ring Man
Ring Boomerang
67.9%
Magnet Man
Magnet Missile
67.7%
Snake Man
Search Snake
67.7%
Charge Man
Charge Kick
67%
Napalm Man
Napalm Bomb
66.6%
Heat Man
Atomic Fire
66.4%
Stone Man
Power Stone
66.4%
Ice Man
Ice Slasher
65.2%
Gravity Man
Gravity Hold
65.2%
Air Man
Air Shooter
63.9%
Time Man
Time Slow
63.6%
Centaur Man
Centaur Flash
63.4%
Dive Man
Dive Missile
62.7%
Crystal Man
Crystal Eye
61.6%
Toad Man
Rain Flush
61.3%
Drill Man
Drill Bomb
61.1%
Wave Man
Water Wave
60.2%
Bright Man
Flash Stopper
60%
Yamato Man
Yamato Spear
59.9%
Junk Man
Junk Shield
59.9%
Elec Man
Thunder Beam
59.7%
Fire Man
Fire Storm
59.3%
Spark Man
Spark Shock
58.4%
Plant Man
Plant Barrier
57.2%
Robot Master
Power
% Correct
Tengu Man
Tornado Hold
56.5%
Dust Man
Dust Crusher
55.8%
Oil Man
Oil Slider
55.4%
Slash Man
Slash Claw
55.1%
Astro Man
Astro Crush
53.1%
Knight Man
Knight Crush
52.4%
Freeze Man
Freeze Cracker
52.2%
Concrete Man
Concrete Shot
51.9%
Gyro Man
Gyro Attack
51.3%
Tomahawk Man
Silver Tomahawk
51%
Star Man
Star Crash
50.4%
Shade Man
Noise Crush
50.4%
Sword Man
Flame Sword
50.3%
Spring Man
Wild Coil
48%
Clown Man
Thunder Claw
47.4%
Galaxy Man
Black Hole Bomb
47.4%
Jewel Man
Jewel Satellite
46.7%
Splash Woman
Laser Trident
45.5%
Cloud Man
Thunder Bolt
44.4%
Hornet Man
Hornet Chaser
44.4%
Blizzard Man
Blizzard Attack
43.5%
Aqua Man
Water Balloon
42.6%
Chill Man
Chill Spike
42.6%
Blade Man
Triple Blade
41.6%
Flame Man
Flame Blast
41.4%
Plug Man
Plug Ball
40.9%
Pump Man
Water Shield
40.9%
Granade Man
Flash Bomb
40.1%
Burst Man
Danger Wrap
40%
Commando Man
Commando Bomb
39.4%
Sheep Man
Thunder Wool
39.3%
Turbo Man
Scorch Wheel
38.5%
Tornado Man
Tornado Blow
38%
Wind Man
Wind Storm
37.5%
Frost Man
Ice Wave
36.4%
Magma Man
Magma Bazooka
35.5%
Search Man
Homing Sniper
31.4%
Nitro Man
Wheel Cutter
28.8%
Strike Man
Rebound Striker
28.4%
Solar Man
Solar Blaze
27.5%
Quiz Playlist
Details
Report
Send in Message
Add To Playlist
Classic:
Type in answers that appear in a list
Last Updated: Feb 16, 2017
Quiz Scoreboard
CHALLENGE
Sign Up to Join the Scoreboard
Show All
Scores
Hide
Comments
May contain spoilers
Recently Published
Holiday 10x10 Sorting Gallery
by lukepisani3
Holiday
15m
Two Season TV Shows II
by 123Four
Television
10m
Image Sorting: Flags VI
by Barbecue
Geography
2m
More to Explore
Quiz From the Vault
Featured Blog Post
14 Easter Pick-up Lines to Find Eggs With
hide this ad
You Might Also Like...
Tags
Numbers Quiz
Master
Megaman
Power
Powered
robot
Serial
Today's Top Quizzes in Gaming
Browse Gaming
hide this ad
Today's Top Quizzes in Numbers
Browse Numbers
Top Contributed Quizzes in Gaming
1
League of Legends Pro Players by Career/Team History
2
Genshin Impact Logic Puzzle
3
Destiny 2 exotic weapons by perk icons
4
Genshin Impact Logic Puzzle Quiz
5
Genshin murder mystery
6
4x4 Decades: Video Games
7
Who's on the WWE 2K24 Cover?
8
Ultimate Genshin Impact Logic Puzzle (up to 4.3)
9
Dead By Daylight Logic Puzzle
10
Undertale Logic Puzzle
Explore More
Trending Topics
Kpop
Disney
Anime
Harry Potter
NBA
Crossword
Marvel
The Office
Song
Pokémon
Soccer
WWE
NFL
Country
Puzzle
hide this ad
More By:
pikminlover72
Quiz
Plays
Rating
Category
Featured
Created
Pikmin 2 caves
671
3.67
Gaming
Mar 26, 2010
Megaman powers (Powered Up and 2-10)
563
3.83
Gaming
Jul 6, 2010
Pokemon Location (Generation 1) by Adjacent Routes
180
Gaming
Jun 7, 2011
Pikmin 2 Challenge Mode Caves
41
Gaming
May 18, 2011
Go to Creator's Profile
Score Distribution
Quiz Creator Spotlight
pikminlover72
Follow
Send a Message
Quizzes Created
-
Created Quiz Play Count
-
More By This Creator
Popular Quizzes Today
1
Find the US States - No Outlines Minefield
2
Colored Red Africa Blitz
3
Find the 'City' Movie
4
The Countries of the World
5
5x2 Blitz: Bands
6
Find the US States
7
Find the Countries of Europe - No Outlines Minefield
8
US States
More Gaming Quizzes
Which Game?
Editor's Pick
Trending Quizzes
Colored Red Europe Blitz I
Colored Red Europe Blitz II
Colored Red Africa Blitz II
Colored Red Europe Blitz III
Colored Red Africa Blitz III
Recently Updated
Odd Team Out - Big 4 Players
pecheneg
Quick Pick: 20 Twenties
pecheneg
March Madness Men's Triple Doubles
pecheneg
How Do You Spell That?
pecheneg
Godzilla Movies
pecheneg
Grab Bag: 4-10 Letters
pecheneg
2024 March Madness Bracket
pecheneg
Famous TV Couples
Peacemaker
Champions League XIs: Real Madrid
pecheneg
Largest US Cities 1790-2010
pecheneg
Trending Topics
Harry Potter
Disney
Anime
Marvel
Kpop
NBA
Crossword
Song
WWE
Country
The Office
Pokémon
Puzzle
NFL
Soccer
Your Account Isn't Verified!
In order to create a playlist on Sporcle, you need to verify the email address you used during registration. Go to your
Sporcle Settings
to finish the process.
Report this User
Report this user for behavior that violates our
Community Guidelines
.
Details:
Send Report
Go to the Sporcle.com Mobile Site →
Comments